| Tag |
First Indicator |
Second Indicator |
Subfields |
| LEADER |
00000cam a2200000 4500 |
| 001 |
in00000207021 |
| 005 |
20151009063046.0 |
| 008 |
791001s1914 mau 00010 eng d |
| 010 |
|
|
|a 14010585
|
| 035 |
|
|
|a (OCoLC)05452042
|
| 035 |
|
|
|9 AAX9391AM
|
| 040 |
|
|
|a TXA
|c TXA
|d UtOrBLW
|
| 049 |
|
|
|a TXAM
|c [515273]
|
| 090 |
|
|
|a JX1908
|b .U5 v. 4, no. 2
|
| 100 |
1 |
|
|a Choate, Joseph Hodges,
|d 1832-1917.
|
| 245 |
1 |
0 |
|a Immunity of private property at sea /
|c by Hon. Joseph H. Choate.
|
| 264 |
|
1 |
|a Boston :
|b World Peace Foundation,
|c 1914.
|
| 300 |
|
|
|a 23 pages
|
| 336 |
|
|
|a text
|b txt
|2 rdacontent
|
| 337 |
|
|
|a unmediated
|b n
|2 rdamedia
|
| 338 |
|
|
|a volume
|b nc
|2 rdacarrier
|
| 490 |
1 |
|
|a World Peace Foundation. Pamphlet series,
|v vol. IV, no. 2
|
| 500 |
|
|
|a Address before the Fourth Commission of the Second Hague Conference at its second session, on June 28, 1907.
|
| 650 |
|
0 |
|a Capture at sea.
|
| 830 |
|
0 |
|a Pamphlet series (World Peace Foundation) ;
|v vol. IV, no. 2.
|
| 999 |
|
|
|a MARS
|
| 999 |
f |
f |
|s 28c16c5d-48a4-3f48-b99c-d490518f7b01
|i a44089f2-50a3-3104-9b91-e40216556cbd
|t 0
|
| 952 |
f |
f |
|p normal
|a Texas A&M University
|b College Station
|c Sterling C. Evans Library
|s Evans stk
|d Evans: Library Stacks
|t 0
|e JX1908 .U5 v.3-v.4
|h Library of Congress classification
|i unmediated -- volume
|m A14803137772
|
| 952 |
f |
f |
|a Texas A&M University
|b College Station
|c Sterling C. Evans Library
|s Evans stk
|d Evans: Library Stacks
|t 0
|e JX1908 .U5 v.3-v.4
|h Library of Congress classification
|
| 998 |
f |
f |
|a JX1908 .U5 v.3-v.4
|t 0
|l Evans: Library Stacks
|